Регионална библиотека "Любен Каравелов" - Русе

Слухове (Запис номер 24773)

MARC детайли
000 -Лидер
Контролно поле с фиксирана дължина 01198nam a2200325 c 4500
003 - Код на организацията, давaща контролен номер
Контролно поле BLK
005 - Дата и час на последна редакция
Контролно поле 20180422095527.0
008 - Елементи от данни с фиксирана дължина
fixed length control field 180413b bul|||||r ||||||| ||bul||
010 ## - Наследен системен номер
LC control number KNG00027299000
020 ## - Международен стандартен номер на книга ISBN
Международен стандартен номер на книга ISBN 954-736-014-0
-- издат.: Пик
040 ## - Източник на каталожния запис
Идентификатор на билиотеката - собственик на записа BLK
041 ## - Код за език
Код за езика на текст/звукозапис или на отделно заглавие
Код за езика КДБФ Български
080 ## - УДК
Текстов определител УДК Холандска литература в Белгия
УДК код - определител по УДК 821.112.5(493)
УДК определител -31
УДК - код + определител 821.112.5(493)-31
100 1# - Редна дума - Автор
Автор Клаус, Хуго
Авторска отговорност първи автор
R(LIN) 263987
139 ## - Редно поле
Редна дума Клаус, Хуго
Авторски знак Кла - К 63
245 10 - Сведения за заглавието
Заглавие Слухове
Редно поле (дума) Хуго Клаус; прев. от холанд. Багрелия Борисова.
257 ## - Страна на издаване
Страна на създаване/издаване Нидерландия (Холандия)
260 ## - Област на издателските данни
-- В. Търново
Име на издателя, разпространителя и проч. Пик
Година на издаване 1998
Печатница В. Търново : Абагар
300 ## - Физическа характеристика
Страници 168 с.
Размери/Мащаб 20 см
380 ## - Жанр
Жанр Худож. лит.
490 1# - СЕРИИ (Колекции)
Име на серия Библиотека Белгия
490 1# - СЕРИИ (Колекции)
-- Подсерия
Име на серия Библиотека Белгия
500 ## - Общи забележки
Забележка Деп. списък: депозит сп.15
700 1# - Други автори (авторска отговорност)
Лично име Борисова, Багрелия
Автороска отговорност (Описва отношението между автора и произведението) прев. от холанд.
9 (RLIN) 365990
852 ## - Местоположение
Форматна сигнатура Цб 200282
856 4# - Електронен адрес и достъп
Електронен формат pdf - файл
Път до файла /url/
856 4# - Електронен адрес и достъп
Електронен формат pdf - файл
Път до файла /url/
942 ## - АРТИКУЛИ
Вид на библиотечния материал Книги
Скрит в OPAC Не
944 ## - СЪЗДАВАНЕ И РЕДАКЦИЯ на ЗАПИСА
Създаване/Редакция Създаване
Дата на регистрацията/редакция 15.01.2003
Служител, извършил регистрацията/редакцията AB_DOS
944 ## - СЪЗДАВАНЕ И РЕДАКЦИЯ на ЗАПИСА
Създаване/Редакция Редакция
Дата на регистрацията/редакция 03.01.2017
Служител, извършил регистрацията/редакцията Сечил_Томаш
999 ## - СИСТЕМНИ КОНТРОЛНИ НОМЕРА
Koha biblionumber 24773
Koha biblioitemnumber 24773
Наличности
Код за отписване Код за изгубен артикул Източник на класификационната схема Код за повреда Коз за рестрикции Код за отдаване Артикулен № Име на библиотеката - собственик Име на библиотеката, в която се намира в момента Статус (Текущо местоположение) Дата на вписване в системата Местоположение - отдел Цена в лева Инвентарен номер Систематично азбучна сигнатура Баркод Номер на екземпляра Цена в евро Служебен тип на артикула
  Не е изгубен Universal Decimal Classification Не е повреден без рестрикции ползва се в читалня 40773 Регионална библиотека "Любен Каравелов" Русе Регионална библиотека "Любен Каравелов" Русе Хранилище 2001-01-01 Хранилище 0.00 647697 Цб 200282 120000647697 1 0.00 Книги
Vip Innovations Ltd, Rousse, Bulgaria 2025